Obálka Náhled e-knihy:
PDF
Pro půjčování e-knih musíte být přihlášeni.
Jak si půjčit online?

Ježek Sonic. Bitva o Agel Island /

Další komiksová dobrodružství ježka Sonica známého z videoher a animovaných seriálů.

Uloženo v:
Série:Ježek Sonic, část 3
Hlavní autor: Flynn, Ian, 1982- (Autor)
Další autoři: Yardley!, Tracy, 1979- (Autor), Stanley, Evan, 1992- (Ilustrátor), Novotný, Petr, 1975 červenec 29.- (Ilustrátor)
Médium: E-kniha
Jazyk:Czech
Vydáno: V Praze : Albatros Media a.s., 2024
Vydání:1. vydání
Témata:
Příbuzné jednotky:Z cyklu:: Ježek Sonic
Tagy:
Žádné tagy
LEADER 02655nam a2200553 i 4500
001 312399
003 CZ PrSKC
005 20260601215722.0
007 ta
008 240606s2024 xr a b 6 000 1 cze
015 |a cnb003609820 
020 |a 9788025257814  |q (brožováno)  |z 089-80-252-5781-4 :  |c Kč 269,00 
035 |a (OCoLC)1451769251 
040 |a ABG001  |b cze  |d BOA001  |d ABA001  |e rda 
041 1 |a cze  |h eng 
072 7 |a 741.52  |x Komiksy. Komiksové adaptace  |2 Konspekt 
072 7 |a 821-93  |x Literatura pro děti a mládež (beletrie)  |2 Konspekt 
080 |a 741.52(0:82-321.3)  |2 MRF 
080 |a 821-93  |2 MRF 
100 1 |a Flynn, Ian,  |d 1982-  |7 xx0263812  |4 aut 
240 1 0 |a Battle for Angel Island.  |l Česky 
245 1 0 |a Ježek Sonic.  |p Bitva o Agel Island /  |c autor Ian Flynn ; kresby Tracy Yardley, Evan Stanley ; z anglického originálu ... přeložil Petr Novotný 
246 3 0 |a Bitva o Angel Island 
250 |a 1. vydání 
264 1 |a V Praze :  |b Albatros Media a.s.,  |c 2024 
300 |a 88 nečíslovaných stran :  |b barevné ilustrace ;  |c 26 cm 
336 |a text  |b txt  |2 rdacontent 
336 |a statický obraz  |b sti  |2 rdacontent 
337 |a bez média  |b n  |2 rdamedia 
338 |a svazek  |b nc  |2 rdacarrier 
500 |a Název části na titulní stránce chybně, správně je na obálce: Bitva o Angel Island 
500 |a Na titulní stránce uveden držitel práv: Sega 
520 2 |a Další komiksová dobrodružství ježka Sonica známého z videoher a animovaných seriálů.  |b Nový mocný nepřítel zaměřil svou pozornost na Angel Island a Sonic se svými přáteli musí ostrov za každou cenu ubránit! Nakladatelská anotace. 
521 8 |a Pro čtenáře od 8 let 
655 7 |a akční a dobrodružné komiksy  |7 fd1057471  |2 czenas 
655 7 |a publikace pro děti  |7 fd133156  |2 czenas 
655 9 |a action and adventure comics  |2 eczenas 
655 9 |a children's literature  |2 eczenas 
700 1 |a Yardley!, Tracy,  |d 1979-  |7 xx0307847  |4 ill 
700 1 |a Stanley, Evan,  |d 1992-  |7 xx0307857  |4 ill 
700 1 |a Novotný, Petr,  |d 1975 červenec 29.-  |7 kv2015892418  |4 trl 
765 1 |t Sonic the Hedgehog 
787 0 8 |i Z cyklu:  |t Ježek Sonic  |g 3 
900 |a ABA001  |b 21 
928 9 |a Albatros Media - Albatros 
044 |a xr 
910 |a RBIT002 
998 |d 405529  |a https://core.palmknihy.cz/api/books/405529/cover?sfxr3e  |b https://core.palmknihy.cz/api/books/405529/cover/400?sfxr3e  |c https://core.palmknihy.cz/api/books/405529/cover/50?sfxr3e  |e 2027-06-30  |g 88  |i 9788025257814  |k https://core.palmknihy.cz/api/books/405529/preview.pdf  |l   |q 49  |r 1  |s https://www.palmknihy.cz/kniha/405529  |t ebook  |y 2024  |z 0 
999 |d 312397